[Event "AUTO-ADV-4518"]
[Site "http://www.queenalice.com/game.php?id=1763962"]
[Date "2021.7.7"]
[Round "1"]
[White "MADMIKE"]
[Black "pawnforme"]
[Result "1/2-1/2"]
[WhiteElo "1815"]
[BlackElo "1913"]

1. d4 d5 2. Nc3 e6 3. a3 Nf6 4. Bf4 a6 5. Nf3 Bd6 6. Bg5 Nbd7 7. e4 dxe4 8. Nxe4
Be7 9. Bc4 O-O 10. Nxf6+ Nxf6 11. O-O b5 12. Bd3 Ne8 13. Bxe7 Qxe7 14. b4 Nf6
15. h3 Bb7 16. c4 c6 17. c5 Rfd8 18. Qd2 Qc7 19. Bc2 Nd5 20. Ng5 g6 21. f4 a5
22. bxa5 Qxa5 23. Qd3 Qc7 24. Qd2 Qe7 25. Kh1 Qf6 26. Bb3 Qg7 27. Bxd5 Rxd5 28.
Nf3 Rdd8 29. Ne5 Qf8 30. h4 f6 31. Nf3 Qe7 32. Qc3 Ba6 33. Qb4 Bc8 34. g3 Ra4
35. Qc3 h5 36. Kg2 Qd7 37. Rfd1 Rc4 38. Qd3 Kg7 39. a4 Ba6 40. axb5 Bxb5 41. Qe3
Qd5 42. Ra7+ Rd7 43. Rxd7+ Qxd7 44. Rd2 Ra4 45. Kf2 Bc4 46. Rc2 Bd5 47. Rb2 Qa7
48. Nd2 Ra2 49. Rb1 Qa5 50. Rd1 Ra3 51. Qe2 Ra4 52. Qe3 Qb4 53. Ke1 Qxd4 54.
Qxd4 Rxd4 55. Ke2 Ra4 56. Kf2 Ra3 57. Rc1 Ra7 58. Rc3 Rf7 59. Nc4 Bxc4 60. Rxc4
Rd7 61. Rc2 Rd5 62. Ke3 e5 63. fxe5 Rxe5+ 64. Kf4 Kf7 65. g4 hxg4 66. Kxg4 Rh5
67. Rc4 Re5 68. Kf4 Ke6 69. Kg4 1/2-1/2

[Event "AUTO-ADV-4518"]
[Site "http://www.queenalice.com/game.php?id=1763963"]
[Date "2021.7.7"]
[Round "1"]
[White "pawnforme"]
[Black "chessman"]
[Result "1/2-1/2"]
[WhiteElo "1899"]
[BlackElo "2106"]

1. d4 d5 2. Nf3 e6 3. Nc3 c5 4. e3 Nf6 5. Be2 Be7 6. a3 O-O 7. O-O Nc6 8. Rb1 a6
9. Re1 cxd4 10. exd4 Bd6 11. b4 Bd7 12. Bb2 Re8 13. Bf1 Qc7 14. h3 Re7 15. Na4
Nxd4 16. Nxd4 Bxa4 17. Bd3 Be5 18. Qe2 Bxd4 19. Bxd4 Ne8 20. Bc5 Rd7 21. Be3 Nd6
22. Bf4 Qd8 23. Qh5 g6 24. Qh6 Qf8 25. Qxf8+ Kxf8 26. Rbc1 Rc8 27. Be5 Nc4 28.
Bxc4 Rxc4 29. c3 Ke7 30. f4 f6 31. Bd4 Kf7 32. Re3 Rdc7 33. Rce1 R4c6 34. g4 Bb5
35. h4 Re7 36. Kf2 Rcc7 37. Kg3 Bc4 38. Bc5 Re8 1/2-1/2

[Event "AUTO-ADV-4518"]
[Site "http://www.queenalice.com/game.php?id=1763964"]
[Date "2021.7.7"]
[Round "1"]
[White "chessman"]
[Black "pawnforme"]
[Result "1/2-1/2"]
[WhiteElo "2058"]
[BlackElo "1909"]

1. e4 e5 2. Nf3 d6 3. d4 exd4 4. Nxd4 Be7 5. Nc3 Nf6 6. Be2 a6 7. O-O O-O 8. h3
b5 9. a3 Bb7 10. f3 Nc6 11. Be3 Nb8 12. Nf5 Re8 13. Nd5 Nxd5 14. exd5 Bf6 15.
Bc1 Re5 16. Ne3 Qe8 17. Qd3 Nd7 18. Rb1 Nc5 19. Qd2 Qd7 20. b4 Na4 21. c4 Re7
22. Ng4 Bc3 23. Qc2 Rae8 24. Bd3 h6 25. Bd2 Bd4+ 26. Kh1 Bb6 27. Bxh6 f6 28. Bf4
c6 29. cxb5 axb5 30. dxc6 Bxc6 31. Bh7+ Kf8 32. Nxf6 gxf6 33. Bh6+ Rg7 34. Bxg7+
Qxg7 35. Qxc6 Qxh7 36. Qxd6+ Qe7 37. Qd3 Qe2 38. Qd6+ Qe7 39. Qg3 Bc7 40. Qh4
Qg7 41. Rfe1 Rxe1+ 42. Qxe1 Qe7 43. g4 Qe5 44. Qxe5 Bxe5 45. h4 Kg7 46. Kg2 Nc3
47. Rc1 Kg6 48. Rc2 1/2-1/2

[Event "AUTO-ADV-4530"]
[Site "http://www.queenalice.com/game.php?id=1767748"]
[Date "2021.8.23"]
[Round "1"]
[White "pawnforme"]
[Black "maurice91"]
[Result "1-0"]
[WhiteElo "1931"]
[BlackElo "1732"]

1. d4 d5 2. c3 e6 3. Nf3 Bd7 4. Bf4 c5 5. e3 Nc6 6. Nbd2 Nf6 7. Be2 Qb6 8. Rb1
Be7 9. O-O O-O 10. dxc5 Bxc5 11. Nb3 Be7 12. Ne5 Nxe5 13. Bxe5 Rac8 14. Bd4 Qd8
15. Nd2 b6 16. Nf3 Qc7 17. Ne5 Bc5 18. Nxd7 Nxd7 19. Bf3 Be7 20. e4 dxe4 21.
Bxe4 Bf6 22. Bxf6 Nxf6 23. Bf3 Rfd8 24. Qc2 h6 25. Rbc1 Qc5 26. Qe2 Nh7 27. b4
Qc4 28. Qc2 Nf6 29. Rfe1 Rc7 30. Be2 Qf4 31. Rcd1 Rcd7 32. Rxd7 Rxd7 33. a4 g6
34. Qc1 Qxc1 35. Rxc1 Rd2 36. Kf1 Ne4 37. Ke1 Ra2 38. f3 Nf6 39. c4 Rxa4 40. b5
Nd7 41. Kf2 Nc5 42. Rc3 e5 43. g3 Kg7 44. g4 a6 45. Ke3 f5 46. gxf5 gxf5 47. Rc1
Ra3+ 48. Kf2 a5 49. Rd1 Ra2 50. Rd6 a4 51. Rxb6 a3 52. Rc6 Nd3+ 53. Ke3 Nb4 54.
Rc7+ Kg6 55. b6 Nc2+ 56. Kf2 Nd4 57. b7 Rxe2+ 58. Kg3 a2 59. b8=Q a1=Q 60. Qe8+
Kg5 61. Rg7+ Kf6 62. Qg6# 1-0

[Event "AUTO-ADV-4530"]
[Site "http://www.queenalice.com/game.php?id=1767749"]
[Date "2021.8.23"]
[Round "1"]
[White "maurice91"]
[Black "pawnforme"]
[Result "0-1"]
[WhiteElo "1834"]
[BlackElo "1901"]

1. d4 d5 2. c4 c6 3. Nf3 e6 4. Nc3 dxc4 5. a4 Nf6 6. e4 Be7 7. Bxc4 O-O 8. O-O
Nbd7 9. Re1 a6 10. b3 Bb4 11. Bb2 a5 12. Nd2 b6 13. Rc1 Bb7 14. f3 Qc7 15. Re2
Ba6 16. Bxa6 Rxa6 17. Kh1 Raa8 18. Nf1 Bxc3 19. Bxc3 Rfd8 20. Bb2 Rdc8 21. d5
exd5 22. exd5 Qd8 23. dxc6 Nc5 24. Rd2 Qc7 25. Bxf6 gxf6 26. Rd6 Qe7 27. f4 Rd8
28. Rxd8+ Rxd8 29. Qf3 Qc7 30. Ng3 Rd6 31. Ne4 Rxc6 32. Qg4+ Kh8 33. Rf1 Nxe4
34. f5 Rc1 35. Qf3 Nd2 36. Qa8+ Kg7 37. Rg1 Qc5 38. Rxc1 Qxc1# 0-1

[Event "AUTO-ADV-4530"]
[Site "http://www.queenalice.com/game.php?id=1767750"]
[Date "2021.8.23"]
[Round "1"]
[White "pawnforme"]
[Black "Archer"]
[Result "1-0"]
[WhiteElo "1923"]
[BlackElo "1735"]

1. c4 e5 2. Nc3 Bb4 3. e4 Bxc3 4. bxc3 Nc6 5. Nf3 d6 6. d3 Bg4 7. Be2 Nf6 8. Ba3
Na5 9. c5 O-O 10. O-O Nh5 11. cxd6 cxd6 12. Nxe5 Bxe2 13. Qxe2 Nf6 14. Nf3 Re8
15. Qd2 Rc8 16. Nd4 Qb6 17. Rfb1 Qc7 18. Bb4 Nc6 19. Nxc6 bxc6 20. c4 c5 21. Bc3
h5 22. Bxf6 gxf6 23. Qh6 Re5 24. Qxf6 Rce8 25. f4 R5e6 26. Qh4 Rh6 27. Qf2 h4
28. h3 Rf8 29. f5 f6 30. Rb3 a5 31. Rab1 Rh7 32. Rb6 Rh5 33. Qf4 Rd8 34. Rb7 Qc8
35. Ra7 Rd7 36. Rxa5 Qc6 37. Rab5 Rhh7 38. Rb6 Qc7 39. Ra6 Qc8 40. Rbb6 Rb7 41.
Rxd6 Rbd7 42. e5 Rxd6 43. Rxd6 fxe5 44. Qxe5 Rd7 45. Qe6+ Kf8 46. Rxd7 Qe8 47.
Qxe8+ Kxe8 48. Rh7 Kf8 49. a4 1-0

[Event "AUTO-ADV-4530"]
[Site "http://www.queenalice.com/game.php?id=1767751"]
[Date "2021.8.23"]
[Round "1"]
[White "Archer"]
[Black "pawnforme"]
[Result "0-1"]
[WhiteElo "1744"]
[BlackElo "1914"]

1. e4 c5 2. Bc4 e6 3. Nc3 d6 4. d3 Nc6 5. Nf3 Nf6 6. Bg5 Be7 7. Qe2 a6 8. a4 Nd7
9. h4 Nce5 10. Nxe5 Nxe5 11. O-O-O Nxc4 12. dxc4 f6 13. Bf4 e5 14. Bg3 O-O 15.
Nd5 Bd7 16. b3 Rb8 17. a5 Re8 18. Nxe7+ Qxe7 19. Rd5 Be6 20. Rd3 Qc7 21. Qd2
Rbd8 22. h5 Re7 23. Bh4 Rf7 24. f3 b5 25. cxb5 axb5 26. Kb2 b4 27. a6 Rfd7 28.
Ra1 Ra8 29. g4 Kf7 30. Qe1 Qb6 31. Rd2 Rxa6 32. Rf2 Rda7 33. Rxa6 Rxa6 34. g5
Qa7 35. Qe2 Ra2+ 36. Kc1 Qa3+ 37. Kd2 Bxb3 38. gxf6 Rxc2+ 39. Ke1 Rxe2+ 40. Rxe2
gxf6 41. Kf2 Be6 42. Re3 b3 43. Kg3 Qa2 44. f4 b2 45. fxe5 b1=Q 46. Rf3 Qg1+ 47.
Kf4 Qd2+ 48. Re3 Qg4# 0-1

[Event "AUTO-ADV-4530"]
[Site "http://www.queenalice.com/game.php?id=1767752"]
[Date "2021.8.23"]
[Round "1"]
[White "pawnforme"]
[Black "forever"]
[Result "1-0"]
[WhiteElo "1874"]
[BlackElo "1826"]

1. c4 e5 2. Nc3 Nf6 3. e4 Bb4 4. d3 c6 5. Bd2 d5 6. cxd5 cxd5 7. Qb3 a5 8. Nf3
Be6 9. Qc2 Nc6 10. a3 Bc5 11. Be2 O-O 12. O-O Qc7 13. exd5 Nxd5 14. Nb5 Qb6 15.
a4 Rac8 16. Rac1 Nf4 17. Bxf4 Nd4 18. Nfxd4 Bxd4 19. Qb1 exf4 20. Bf3 h6 21.
Nxd4 Qxd4 22. b3 b6 23. Rfd1 Rc3 24. Rxc3 Qxc3 25. Rc1 Qxb3 26. Qxb3 Bxb3 27.
Ra1 Rd8 28. Be4 Bc2 29. Ra3 Rd4 30. Rc3 1-0

[Event "AUTO-ADV-4530"]
[Site "http://www.queenalice.com/game.php?id=1767753"]
[Date "2021.8.23"]
[Round "1"]
[White "forever"]
[Black "pawnforme"]
[Result "0-1"]
[WhiteElo "1812"]
[BlackElo "1888"]

1. Nf3 d5 2. e4 dxe4 3. Ng5 Nf6 4. Nc3 Bf5 5. Bc4 e6 6. O-O Be7 7. Re1 h6 8.
Ngxe4 Nc6 9. d4 Qxd4 10. Bd3 Qd7 11. Be3 O-O-O 12. Qe2 Kb8 13. Rad1 Qc8 14. a3
Nxe4 15. Bb5 Rxd1 16. Rxd1 Nxc3 17. bxc3 Nd8 18. Rb1 Bd6 19. Ba6 Be4 20. Qc4 Bd5
21. Qd4 c5 22. Qg4 g5 23. Qh5 Qc6 24. Bf1 f6 25. Qg6 Be5 26. Qg7 Re8 27. Bb5 Qb6
0-1

[Event "AUTO-ADV-4547"]
[Site "http://www.queenalice.com/game.php?id=1771992"]
[Date "2021.10.12"]
[Round "1"]
[White "pawnforme"]
[Black "deathbydixxon"]
[Result "1-0"]
[WhiteElo "1939"]
[BlackElo "1806"]

1. d4 d5 2. e3 a6 3. Nf3 Nf6 4. c4 e6 5. Nc3 Bb4 6. Bd2 Bxc3 7. Bxc3 Nc6 8. c5
O-O 9. Bd3 Qe7 10. O-O Ne4 11. Be1 Qf6 12. Bxe4 dxe4 13. Nd2 b6 14. cxb6 cxb6
15. Nxe4 Qg6 16. Nc3 Ne7 17. Qf3 Bd7 18. Bd2 Bc6 19. Qg3 Nd5 20. Qxg6 fxg6 21.
Rac1 Nxc3 22. Rxc3 Bb5 23. Rfc1 Rab8 24. Rc7 h5 25. Re7 Rf6 26. Rcc7 Kf8 27.
Rxg7 a5 28. a3 a4 29. Rh7 Kg8 30. Bb4 1-0

[Event "AUTO-ADV-4547"]
[Site "http://www.queenalice.com/game.php?id=1771993"]
[Date "2021.10.12"]
[Round "1"]
[White "deathbydixxon"]
[Black "pawnforme"]
[Result "0-1"]
[WhiteElo "1919"]
[BlackElo "1952"]

1. e4 c5 2. Nf3 d6 3. d4 cxd4 4. Nxd4 e5 5. Nf3 Nf6 6. h3 Nxe4 7. Bd3 Nf6 8. Bg5
Be7 9. Nc3 Nc6 10. Qd2 Ng8 11. Be4 Bxg5 12. Bxc6+ bxc6 13. Nxg5 Nf6 14. Nge4
Nxe4 15. Nxe4 d5 16. Ng3 Ba6 17. Ne2 O-O 18. O-O Bc8 19. Ng3 f5 20. Rae1 e4 21.
Qf4 Qb6 22. b3 a5 23. a4 Ba6 24. Ne2 Qc5 25. Qd2 f4 26. Kh1 f3 27. gxf3 exf3 28.
Nc3 Bxf1 29. Rxf1 Rad8 30. Rg1 Rde8 31. h4 d4 32. Nd1 Re2 33. Qh6 Qe7 34. Qg5
Qxg5 35. Rxg5 Rxc2 36. Rxa5 Rc1 37. Kh2 Rxd1 38. Rc5 d3 39. Rxc6 d2 40. Rd6 h6
41. a5 Re8 42. Kg3 Rb8 43. Rd3 Rb5 44. Kxf3 Rxa5 45. Ke2 Rh1 46. Rxd2 Rxh4 47.
f3 Rb5 48. Rd3 Rhb4 49. Kf2 Rxb3 50. Rd8+ Kh7 51. Rf8 h5 52. Rf4 R5b4 53. Rxb4
Rxb4 0-1

[Event "AUTO-ADV-4547"]
[Site "http://www.queenalice.com/game.php?id=1771994"]
[Date "2021.10.12"]
[Round "1"]
[White "pawnforme"]
[Black "Daniel1962"]
[Result "1-0"]
[WhiteElo "1931"]
[BlackElo "1723"]

1. g3 d5 2. Bg2 c6 3. d4 Nf6 4. Nf3 Bf5 5. c3 e6 6. Nbd2 Ne4 7. O-O Nxd2 8. Bxd2
Nd7 9. Qc1 Nb6 10. Re1 Nc4 11. b3 Nxd2 12. Nxd2 Bd6 13. e4 dxe4 14. Nxe4 Bxe4
15. Bxe4 f5 16. Bxf5 Be7 17. Bxe6 Rf8 18. Bh3 h5 19. Qe3 Rf7 20. Rad1 Qa5 21.
Re2 b5 22. Rde1 Qc7 23. Qe5 Qxe5 24. Rxe5 a5 25. Bg2 Rc8 26. Rxh5 c5 27. Rh8+
Kd7 28. Bh3+ Kd6 29. Rxc8 cxd4 30. cxd4 Bf6 31. Rd1 Kd5 32. Ra8 a4 33. bxa4 bxa4
34. Rxa4 g5 35. Bg2+ Kd6 36. Ra6+ Ke7 37. Re1+ Kf8 38. d5 Bd4 39. Rf1 1-0

[Event "AUTO-ADV-4547"]
[Site "http://www.queenalice.com/game.php?id=1771995"]
[Date "2021.10.12"]
[Round "1"]
[White "Daniel1962"]
[Black "pawnforme"]
[Result "1-0"]
[WhiteElo "1679"]
[BlackElo "1939"]

1. e4 c5 2. Bc4 e5 3. Nf3 d6 4. d3 Be7 5. Nc3 Nf6 6. Ng5 O-O 7. Nd5 Nxd5 8. Nxh7
Kxh7 9. Bxd5 Nd7 10. h4 Kg8 11. h5 Nf6 12. h6 g6 13. Bg5 Nh7 14. Be3 Rb8 15. f4
Be6 16. Bxe6 fxe6 17. Qg4 exf4 18. Qxg6+ 1-0

[Event "AUTO-ADV-4547"]
[Site "http://www.queenalice.com/game.php?id=1771996"]
[Date "2021.10.12"]
[Round "1"]
[White "pawnforme"]
[Black "francisc059"]
[Result "1/2-1/2"]
[WhiteElo "1950"]
[BlackElo "1996"]

1. d4 Nf6 2. Nf3 g6 3. e3 Bg7 4. c3 d5 5. Nbd2 O-O 6. Bd3 Nbd7 7. O-O c5 8. dxc5
Nxc5 9. Be2 Nfe4 10. Qc2 Nxd2 11. Bxd2 Bf5 12. Qc1 Nd3 13. Bxd3 Bxd3 14. Re1 e5
15. Kh1 Be4 16. Ng1 Qg5 17. f3 Bd3 18. e4 Qe7 19. exd5 Bc4 20. Bh6 Bxd5 21. Bxg7
Kxg7 22. c4 Bc6 23. b3 Rad8 24. Qc3 Qf6 25. Qe3 Rfe8 26. Qxa7 Rd2 27. Qe3 Qd6
28. Re2 Rd8 29. Rxd2 Qxd2 30. Qxd2 Rxd2 31. a3 f5 32. Re1 Kf6 33. h3 Rd3 34. Rb1
Kg5 35. Kh2 Kf4 36. Ne2+ Ke3 37. Ng1 Rd2 38. Re1+ Kd4 39. Ne2+ Kd3 40. Nc1+ Kd4
41. Kg1 e4 42. Ne2+ Kd3 43. Nf4+ Kc3 44. Re3+ Kc2 45. Kf1 exf3 46. gxf3 Rd4 47.
Ng2 Rd1+ 48. Kf2 Rd2+ 49. Kg1 1/2-1/2

[Event "AUTO-ADV-4547"]
[Site "http://www.queenalice.com/game.php?id=1771997"]
[Date "2021.10.12"]
[Round "1"]
[White "francisc059"]
[Black "pawnforme"]
[Result "0-1"]
[WhiteElo "1953"]
[BlackElo "1913"]

1. e4 c5 2. Nc3 Nc6 3. f4 d6 4. Bc4 e6 5. d3 Nf6 6. Nf3 Be7 7. O-O e5 8. f5 O-O
9. a3 a6 10. Bg5 b5 11. Ba2 Bb7 12. Bxf6 Bxf6 13. Nd5 Rb8 14. Nxf6+ Qxf6 15. Qd2
Rbd8 16. Bd5 Rb8 17. Bxc6 Bxc6 18. Rae1 Qe7 19. Qa5 Ra8 20. Qd2 f6 21. b3 d5 22.
c3 dxe4 23. dxe4 Rad8 24. Qc2 Qa7 25. Kh1 a5 26. Rd1 Qb7 27. Rde1 b4 28. axb4
cxb4 29. c4 Rd7 30. Nd2 Rfd8 31. Re2 Rd3 32. Rf3 Rxf3 33. gxf3 Be8 34. Re3 Qd7
35. Re2 Bh5 36. Kg2 Rc8 37. Qa2 Qc7 38. Nf1 Qc5 39. Rd2 Ra8 40. Rd5 Qc7 41. Rxa5
Rxa5 0-1

[Event "AUTO-ADV-4530"]
[Site "http://www.queenalice.com/game.php?id=1773937"]
[Date "2021.11.3"]
[Round "2"]
[White "alvm"]
[Black "pawnforme"]
[Result "1-0"]
[WhiteElo "2132"]
[BlackElo "1896"]

1. d4 d5 2. c4 c6 3. Nc3 e6 4. cxd5 cxd5 5. Nf3 Nf6 6. Bg5 Nbd7 7. e3 Be7 8. Bd3
a6 9. O-O O-O 10. Rc1 b5 11. a3 Bb7 12. Re1 b4 13. axb4 Bxb4 14. Qb3 Bxc3 15.
bxc3 Qc8 16. c4 dxc4 17. Rxc4 Qb8 18. Bf4 Qa7 19. Rc7 Bd5 20. Qc2 Qb6 21. Ng5 h6
22. Nh7 Nxh7 23. Bxh7+ Kh8 24. Rxd7 Rac8 25. Qb1 Qxb1 26. Bxb1 Kg8 27. e4 Bc4
28. h4 Bb5 29. Rc7 Rxc7 30. Bxc7 1-0

[Event "AUTO-ADV-4530"]
[Site "http://www.queenalice.com/game.php?id=1773938"]
[Date "2021.11.3"]
[Round "2"]
[White "pawnforme"]
[Black "alvm"]
[Result "0-1"]
[WhiteElo "1889"]
[BlackElo "2137"]

1. d4 Nf6 2. Nf3 c5 3. e3 Nc6 4. c3 cxd4 5. cxd4 d5 6. Nc3 Bg4 7. Be2 e6 8. b3
Bb4 9. Bd2 O-O 10. h3 Bh5 11. Ng1 Bxe2 12. Ngxe2 Rc8 13. O-O e5 14. dxe5 Nxe5
15. Qb1 Ng6 16. Qe1 Qa5 17. f3 Rfe8 18. Kf2 d4 19. Nxd4 Bxc3 20. Bxc3 Qxc3 21.
Qxc3 Rxc3 22. Rfe1 Nd5 23. e4 Nb4 24. Red1 Nd3+ 25. Kg1 Rd8 26. Nb5 Rc2 27. g3
a6 28. Na3 Re2 29. Nc4 b5 0-1

[Event "AUTO-ADV-4530"]
[Site "http://www.queenalice.com/game.php?id=1773939"]
[Date "2021.11.3"]
[Round "2"]
[White "Eggchaser"]
[Black "pawnforme"]
[Result "1-0"]
[WhiteElo "1803"]
[BlackElo "1967"]

1. e4 c5 2. Nf3 e6 3. d4 cxd4 4. Nxd4 Be7 5. c4 d6 6. Nc3 Nf6 7. Be2 e5 8. Nc2
Nbd7 9. O-O Nc5 10. f3 a6 11. Bg5 Be6 12. Bxf6 Bxf6 13. Ne3 O-O 14. Ncd5 Bg5 15.
b4 Nd7 16. Qd3 Nb8 17. f4 Bxd5 18. Qxd5 Bxf4 19. Nf5 Qb6+ 20. c5 dxc5 21. Qxc5
Qxc5+ 22. bxc5 Nc6 23. g3 Bg5 24. Bc4 Nd8 25. h4 Bf6 26. Rab1 Rb8 27. Bxa6 h6
28. Bc4 Nc6 29. Rfd1 Rfd8 30. Bd5 Kf8 31. Bxc6 bxc6 32. Kf2 Rxb1 33. Rxb1 g6 34.
Nd6 Rd7 35. Rb8+ Rd8 36. Rxd8+ Bxd8 37. a4 Be7 38. a5 Bxd6 39. cxd6 Ke8 40. a6
1-0

[Event "AUTO-ADV-4530"]
[Site "http://www.queenalice.com/game.php?id=1773940"]
[Date "2021.11.3"]
[Round "2"]
[White "pawnforme"]
[Black "Eggchaser"]
[Result "1/2-1/2"]
[WhiteElo "1932"]
[BlackElo "1833"]

1. c4 g6 2. Nc3 Bg7 3. e4 c5 4. d3 Nc6 5. Nf3 e6 6. Be2 h6 7. a3 Nge7 8. Nb5 d6
9. Nc3 O-O 10. O-O a6 11. Rb1 Kh7 12. Be3 Rb8 13. Bf4 b5 14. cxb5 axb5 15. Qd2
b4 16. axb4 Nxb4 17. h3 Nbc6 18. g4 e5 19. Be3 Be6 20. Nh2 Nd4 21. Bxd4 cxd4 22.
Nd1 f5 23. f3 Qb6 24. f4 fxe4 25. fxe5 e3 26. Qe1 Bxe5 27. Rxf8 Bxh2+ 28. Kxh2
Rxf8 29. Kg3 Qb7 30. b4 Nd5 31. b5 Nf4 32. Qf1 Nxe2+ 33. Qxe2 Bd5 34. Kh2 Bf3
35. Qe1 Bxd1 36. Rxd1 Qf3 37. Rb1 Qf2+ 38. Qxf2 Rxf2+ 39. Kg1 Rd2 40. b6 e2 41.
Re1 Rb2 42. Kf2 Rxb6 43. Rxe2 Rb7 44. Re4 Kg7 45. Rxd4 Rb6 46. Kf3 Kf6 47. h4
Ke6 48. Ke4 Rb5 49. Ra4 Re5+ 50. Kf3 Rd5 51. Re4+ Kf6 52. d4 1/2-1/2

[Event "AUTO-ADV-4547"]
[Site "http://www.queenalice.com/game.php?id=1776095"]
[Date "2021.12.2"]
[Round "2"]
[White "pawnforme"]
[Black "francisc059"]
[Result "1-0"]
[WhiteElo "1928"]
[BlackElo "2012"]

1. d4 Nf6 2. Nf3 g6 3. e3 d5 4. Nbd2 Bg7 5. c4 c6 6. b3 Bg4 7. cxd5 cxd5 8. Be2
O-O 9. O-O Nc6 10. Bb2 Rc8 11. Ne1 Bxe2 12. Qxe2 Re8 13. Nef3 Qd6 14. Rfc1 e6
15. Ne5 Nxe5 16. dxe5 Qe7 17. exf6 Bxf6 18. Nf3 Bxb2 19. Qxb2 Rxc1+ 20. Rxc1 Qd7
21. Qf6 Rc8 22. Ra1 Qc7 23. h3 Qd6 24. Ne5 Rc7 25. Ng4 Qf8 26. Qd4 1-0

[Event "AUTO-ADV-4547"]
[Site "http://www.queenalice.com/game.php?id=1776096"]
[Date "2021.12.2"]
[Round "2"]
[White "francisc059"]
[Black "pawnforme"]
[Result "1-0"]
[WhiteElo "1970"]
[BlackElo "1883"]

1. e4 e5 2. Nf3 d6 3. d4 exd4 4. Nxd4 Be7 5. Bc4 Nf6 6. Nc3 O-O 7. O-O a6 8. Be3
c5 9. Nde2 Nc6 10. Qd2 Ne5 11. Bd5 Rb8 12. a3 b6 13. Ng3 Ng6 14. Rad1 Be6 15.
Nf5 Bxd5 16. Nxd5 Nxd5 17. exd5 Bf6 18. c4 Ne5 19. b3 Qd7 20. Ng3 Ng6 21. Rfe1
Be7 22. Bg5 Bxg5 23. Qxg5 b5 24. Nf5 bxc4 25. bxc4 Rbd8 26. Ne7+ Nxe7 27. Rxe7
Qa4 28. Qc1 Rfe8 29. Rde1 Rxe7 30. Rxe7 Kf8 31. Re4 h6 32. h3 Qd7 33. Qc3 Re8
34. Rxe8+ Qxe8 35. Qa5 Qc8 36. Qb6 Ke7 37. a4 f5 38. a5 g5 39. Qa7+ 1-0

[Event "AUTO-ADV-4547"]
[Site "http://www.queenalice.com/game.php?id=1776097"]
[Date "2021.12.2"]
[Round "2"]
[White "pawnforme"]
[Black "Jsc"]
[Result "0-1"]
[WhiteElo "1944"]
[BlackElo "1956"]

1. d4 d5 2. Nc3 e6 3. e3 c5 4. Nf3 Nc6 5. Bb5 a6 6. Be2 cxd4 7. exd4 Bd6 8. Be3
Nge7 9. a3 b5 10. O-O O-O 11. b4 Bd7 12. Re1 Qc7 13. Qd2 Nxb4 14. axb4 Bxb4 0-1

[Event "AUTO-ADV-4547"]
[Site "http://www.queenalice.com/game.php?id=1776098"]
[Date "2021.12.2"]
[Round "2"]
[White "Jsc"]
[Black "pawnforme"]
[Result "1-0"]
[WhiteElo "1972"]
[BlackElo "1947"]

1. e4 e5 2. Nf3 d6 3. Bc4 h6 4. c3 Qf6 5. d4 exd4 6. cxd4 Nc6 7. Nc3 Bg4 8. Nd5
Qd8 9. h3 Bd7 10. Bd2 Nf6 11. Qe2 Be6 12. Nxf6+ Qxf6 13. d5 Qxb2 14. O-O Bxh3
15. gxh3 Ne7 16. Rab1 Qf6 17. Rxb7 Rc8 18. Rxa7 Ng6 19. Bb5+ Kd8 20. Ba6 1-0

[Event "AUTO-ADV-4547"]
[Site "http://www.queenalice.com/game.php?id=1776099"]
[Date "2021.12.2"]
[Round "2"]
[White "pawnforme"]
[Black "BobFicha"]
[Result "0-1"]
[WhiteElo "1911"]
[BlackElo "1940"]

1. d4 d5 2. Nc3 e6 3. Nf3 Bb4 4. Bd2 Nc6 5. e3 Nf6 6. Bd3 O-O 7. O-O b6 8. Ne2
Bd6 9. c3 e5 10. dxe5 Nxe5 11. Nxe5 Bxe5 12. f4 Bd6 13. Qc2 g6 14. Ng3 c5 15.
Rf2 c4 16. Be2 Bg4 17. Qd1 Qd7 18. Qf1 a5 19. Bxg4 Qxg4 0-1

[Event "AUTO-ADV-4547"]
[Site "http://www.queenalice.com/game.php?id=1776100"]
[Date "2021.12.2"]
[Round "2"]
[White "BobFicha"]
[Black "pawnforme"]
[Result "1-0"]
[WhiteElo "1896"]
[BlackElo "1928"]

1. e4 c5 2. Nf3 e6 3. c3 d6 4. d4 cxd4 5. cxd4 Be7 6. Qa4+ Bd7 7. Qb3 b6 8. Be3
Nf6 9. e5 dxe5 10. dxe5 Nd5 11. Bd4 O-O 12. Bc4 Bc6 13. O-O Nc7 14. Rd1 Nd5 15.
Nc3 Nxc3 16. Bxc3 Qc7 17. Be2 Nd7 18. Bd4 Rac8 19. Ba6 Rb8 20. Rac1 Bc5 21. Bb5
Qb7 22. Bxc6 1-0